Microarray gene expression data analysis : (Record no. 189498)
[ view plain ]
| 000 -LEADER | |
|---|---|
| fixed length control field | 00681nam a2200205Ia 4500 |
| 005 - DATE AND TIME OF LATEST TRANSACTION | |
| control field | 20220729145827.0 |
| 008 - FIXED-LENGTH DATA ELEMENTS--GENERAL INFORMATION | |
| fixed length control field | 210716s2004 xx 000 0 und d |
| 020 ## - INTERNATIONAL STANDARD BOOK NUMBER | |
| International Standard Book Number | 978140527356 |
| 040 ## - CATALOGING SOURCE | |
| Transcribing agency | AIMIT LIBRARY |
| 041 ## - LANGUAGE CODE | |
| Language code of text/sound track or separate title | eng |
| 082 ## - DEWEY DECIMAL CLASSIFICATION NUMBER | |
| Classification number | 574.19245 |
| Edition number | 1 |
| Item number | CAUH |
| 100 ## - MAIN ENTRY--PERSONAL NAME | |
| Personal name | Causton, Helen C. |
| 9 (RLIN) | 54015 |
| 245 ## - TITLE STATEMENT | |
| Title | Microarray gene expression data analysis : |
| Remainder of title | beginners guide / |
| Statement of responsibility, etc. | By Helen C Causton, John Quackenbush and Alvis Brazma. |
| 250 ## - EDITION STATEMENT | |
| Edition statement | 1st ed. |
| 260 ## - PUBLICATION, DISTRIBUTION, ETC. | |
| Place of publication, distribution, etc. | Australia : |
| Name of publisher, distributor, etc. | Blackwell Publishing , |
| Date of publication, distribution, etc. | 2004. |
| 300 ## - PHYSICAL DESCRIPTION | |
| Extent | viii, 160p. ; |
| Dimensions | 22 cm. |
| 650 ## - SUBJECT ADDED ENTRY--TOPICAL TERM | |
| Topical term or geographic name entry element | Experimental design |
| 9 (RLIN) | 54016 |
| 700 ## - ADDED ENTRY--PERSONAL NAME | |
| Personal name | Quackenbush, John. |
| 9 (RLIN) | 54017 |
| 942 ## - ADDED ENTRY ELEMENTS (KOHA) | |
| Source of classification or shelving scheme | Dewey Decimal Classification |
| Koha item type | Book |
| Edition | 1st |
| Call number prefix | 574.19245 CAUH |
| Withdrawn status | Lost status | Source of classification or shelving scheme | Damaged status | Not for loan | Collection code | Home library | Current library | Source of acquisition | Cost, normal purchase price | Inventory number | Total Checkouts | Full call number | Barcode | Date last seen | Cost, replacement price | Price effective from | Koha item type |
|---|---|---|---|---|---|---|---|---|---|---|---|---|---|---|---|---|---|
| Dewey Decimal Classification | MCA | St Aloysius Institute of Management & Information Technology | St Aloysius Institute of Management & Information Technology | Athulya Books | 395.00 | Bill no:ABK 445; Bill dt:2008-11 | 574.19245 CAUH | MCA08514 | 07/21/2025 | 308.10 | 07/16/2021 | Book | |||||
| Dewey Decimal Classification | MCA | St Aloysius Institute of Management & Information Technology | St Aloysius Institute of Management & Information Technology | Athulya Books | 395.00 | Bill no:ABK 916; Bill dt:2009-03 | 574.19245 CAUH | MCA09006 | 07/21/2025 | 308.10 | 07/16/2021 | Book |